01020nam a2200241 a 4500001001000000003000400010005001700014008004100031040002500072082001600097100005000113245010000163250001200263260005300275300002100328500007700349504003200426700005500458942001400513952011400527952012000641999001700761000045108OSt20240304185510.0150203s1992 dr 000 0 spa d aDO-SdBNPbspacBNPHU axxxxbS583e1 a Silié Gatón, José A., d1920-2014974710aÉtica profesional /cSilié Gatón, José A. ; prólogo Víctor Melitón Rodríguez R. a10a ed. aSanto Domingo :bPublicaciones América,c1992. a225 p. ;c20 cm. aIncluye datos biográficos del autor en la solapa de la contracubierta. aBibliografía : p. 223-22512aRodríguez R., Víctor Melitón.epról.97367 2ddccLBS1 0010718PDaPDbPDcHDd2015-02-03iLF1l0oxxxx S583ep45108-10r2020-06-25w2020-06-25yLFPDZNo se presta 0010718PDaPDbPDcHDd2015-04-14iLF1l0oxxxx S583ep45108-20r2020-06-25te. 2w2020-06-25yLFPDZNo se presta c44597d44597